000 00791nam a2200253 i 4500
003 DO-SdBNP
005 20251007134003.0
007 ta
008 230412e1998 dr |||gr|||| 001 easpa d
040 _aDO-SdBNP
_bspa
_cBNPHU
_erda
041 _aspa
082 4 _axxx
_bT183v 1988
_222
100 1 _aTardif, Emiliano,
_d1928-1999
_eautor
_4aut.
_935030
245 1 3 _aLa vuelta al mundo sin maleta /
_cEmiliano Tardif, José H. Flores
250 _aCuarta edición
264 4 _aSanto Domingo :
_bAmigos del Hogar,
_c©1988.
300 _a190 páginas ;
_c21 cm
336 _atexto
_btxt
_2rdaconten
337 _asin medición
_2rdamedia
338 _avolumen
_bnc
_2rdacarrier
590 _aInventariado 2023 / MF
700 1 _aPrado Flores, José H.,
_eautor
_4aut.
_910971
942 _2ddc
_cLBS1
999 _c53218
_d53218